| 000 | 00000nam##2200000za#4500 |
| 001 | 9.569531 |
| 003 | CaOODSP |
| 005 | 20210624181819 |
| 007 | cr ||||||||||| |
| 008 | 150406|2003||||xxc|||||o f|0| 0 eng|d |
| 040 | |aCaOODSP|beng |
| 043 | |an-cn--- |
| 086 | 1 |aNH18-1/12-2003E-PDF |
| 110 | 2 |aCanada Mortgage and Housing Corporation. |
| 245 | 10|aHome$ave, building investments in housing assets - background report : |h[electronic resource]|bstudy of individual development accounts for housing, a national demonstration project |
| 246 | 3 |aHomesave |
| 260 | |aOttawa - Ontario : |bCanada Mortgage and Housing Corporation |c2003. |
| 300 | |a102p.|breferences, tables |
| 490 | 1 |aResearch report |
| 500 | |aFor the "Final report", please see NH18-1/13-2003E-PDF. |
| 590 | |a11-06-Supp|b2011-04-14 |
| 710 | 2 |aNational Secretariat on Homelessness. |
| 775 | 08|tMai$on en banque, accumuler des actifs pour mieux se loger - rapport documentaire : |w(CaOODSP)9.600629 |
| 830 | #0|aResearch report (Canada Mortgage and Housing Corporation : Online)|w(CaOODSP)9.506068 |
| 856 | 40|ahttp://publications.gc.ca|qPDF|s503 KB|uhttps://publications.gc.ca/collections/collection_2011/schl-cmhc/nh18-1/NH18-1-12-2003-eng.pdf |